000 01232cam a22003617a 4500
003 CHAP
005 20220329142440.0
008 010301d2000 in r 00110 eng d
010 _a83657
011 _a84629
020 _a9290664177
024 _aISE 007
035 _a95154
040 _cCHAP
090 _aFolleto 16170
100 0 0 _aRamasamy, C.
_993815
245 1 0 _aImproved cultivars of pearl millet in Tamil Nadu :
_badoption, impact, and returns to research investment
_c/by C. Ramasamy, [and others]
260 _aAndhra Pradesh, India :
_bInternational Crops Research Institute for Semi-Arid Tropics,
_c2000.
300 _a60 p. :
_bgráfs.
490 0 _aImpact series
_v; 7
590 _aBATCH-UPD
_b10
_c20130109
_lUCH01
_h2332
590 _aBATCH-UPD
_b10
_c20130110
_lUCH01
_h0526
590 _aBATCH-UPD
_b10
_c20130410
_lUCH01
_h0206
590 _aBATCH-UPD
_b10
_c20130914
_lUCH01
_h1630
590 _aCONVERSION
_b10
_c20130109
_lUCH01
_h1346
650 1 4 _aMijo perla
_xInvestigación.
_975677
650 1 4 _aMijo perla
_xRendimiento.
_975682
830 0 0 _aImpact series
_v; 7
_957464
901 _aBK
905 _aLilia Sánchez G.
942 _cFOLL
949 _aFolleto 16170
_bBC
_cFOLL
_d951541
_eTS1
_i95154
_sb
999 _c83657
_d83657